| 000 | 00376pam a2200157a 44500 | ||
|---|---|---|---|
| 008 | 230515b1989 xxu||||| |||| 00| 0 eng d | ||
| 020 | _aNULL | ||
| 041 | _aENGL | ||
| 082 | _a624.15136 /MUR | ||
| 100 | _aMURTHY V.N.S. | ||
| 245 | _aSOIL MECHANICS AND FOUNDATION ENGINEERING VOL-1 | ||
| 250 | _aN.D. | ||
| 260 |
_aNULL _bSAI-K _c1989 |
||
| 300 | _a780 PB | ||
| 650 | _aNULL | ||
| 999 |
_c621719 _d621719 |
||